|
|
|
|
| LEADER |
00000cam a22000004a 4500 |
| 001 |
musev2_84597 |
| 003 |
MdBmJHUP |
| 005 |
20230905052711.0 |
| 006 |
m o d |
| 007 |
cr||||||||nn|n |
| 008 |
081222s1998 mou o 00 0 eng d |
| 020 |
|
|
|a 9781610753036
|
| 020 |
|
|
|z 9781557285911
|
| 035 |
|
|
|a (OCoLC)1273306436
|
| 040 |
|
|
|a MdBmJHUP
|c MdBmJHUP
|
| 100 |
1 |
|
|a Fry, Alice L.
|
| 245 |
1 |
0 |
|a Pea Ridge and Prairie Grove :
|b Scenes and Incidents fo the War in Arkansas /
|c Alice L. Fry.
|
| 264 |
|
1 |
|a Lebanon, Mo. :
|b A.L. Fry (Blue & Grey Book Shoppe II, R.R. #16, Box 900, Lebanon 65536),
|c 1998.
|
| 264 |
|
3 |
|a Baltimore, Md. :
|b Project MUSE,
|c 2021
|
| 264 |
|
4 |
|c ©1998.
|
| 300 |
|
|
|a 1 online resource (146 pages):
|b illustrations, portraits ;
|
| 336 |
|
|
|a text
|b txt
|2 rdacontent
|
| 337 |
|
|
|a computer
|b c
|2 rdamedia
|
| 338 |
|
|
|a online resource
|b cr
|2 rdacarrier
|
| 500 |
|
|
|a "Most of the information for this endeavor comes from a diary kept by William Creitz, Captain of Company A of the 5th Kansas Cavalry. ... the letters of Lt. Joseph Trego of Co. D, and of Pvt. George Flanders of Company A ..."--Preface
|
| 500 |
|
|
|a Includes indexes.
|
| 588 |
|
|
|a Description based on print version record.
|
| 610 |
1 |
0 |
|a United States.
|b Army.
|b Kansas Cavalry, 5th (1861-1865)
|
| 600 |
1 |
0 |
|a Creitz, William,
|d -1893
|v Diaries.
|
| 651 |
|
7 |
|a United States.
|2 fast
|0 (OCoLC)fst01204155
|
| 651 |
|
7 |
|a Missouri.
|2 fast
|0 (OCoLC)fst01204724
|
| 651 |
|
7 |
|a Kansas.
|2 fast
|0 (OCoLC)fst01204323
|
| 651 |
|
7 |
|a Arkansas.
|2 fast
|0 (OCoLC)fst01204809
|
| 651 |
|
0 |
|a United States
|x History
|y Civil War, 1861-1865
|v Registers.
|
| 651 |
|
0 |
|a Kansas
|x History
|y Civil War, 1861-1865
|v Registers.
|
| 651 |
|
0 |
|a United States
|x History
|y Civil War, 1861-1865
|v Personal narratives.
|
| 651 |
|
0 |
|a United States
|x History
|y Civil War, 1861-1865
|x Regimental histories.
|
| 651 |
|
0 |
|a Missouri
|x History
|y Civil War, 1861-1865
|x Campaigns.
|
| 651 |
|
0 |
|a Arkansas
|x History
|y Civil War, 1861-1865
|x Campaigns.
|
| 651 |
|
0 |
|a Kansas
|x History
|y Civil War, 1861-1865
|x Regimental histories.
|
| 650 |
|
7 |
|a Soldiers.
|2 fast
|0 (OCoLC)fst01125233
|
| 650 |
|
7 |
|a Regimental histories.
|2 fast
|0 (OCoLC)fst01354209
|
| 650 |
|
7 |
|a Military campaigns.
|2 fast
|0 (OCoLC)fst01710190
|
| 650 |
|
0 |
|a Soldiers
|z Kansas
|v Correspondence.
|
| 655 |
|
7 |
|a Registers (Lists)
|2 fast
|0 (OCoLC)fst01919964
|
| 655 |
|
7 |
|a Personal correspondence.
|2 fast
|0 (OCoLC)fst01919948
|
| 655 |
|
7 |
|a Personal narratives.
|2 fast
|0 (OCoLC)fst01423843
|
| 655 |
|
7 |
|a History.
|2 fast
|0 (OCoLC)fst01411628
|
| 655 |
|
7 |
|a Diaries.
|2 fast
|0 (OCoLC)fst01423794
|
| 655 |
|
7 |
|a Electronic books.
|2 local
|
| 710 |
2 |
|
|a Project Muse.
|e distributor
|
| 830 |
|
0 |
|a Book collections on Project MUSE.
|
| 856 |
4 |
0 |
|z Texto completo
|u https://projectmuse.uam.elogim.com/book/84597/
|
| 945 |
|
|
|a Project MUSE - Custom Collection
|